El cambio climt̀ico en Espaą anl̀isis tčnico-jurd̕ico y perspectivas /

Bibliographic Details
Main Author: Castell ̤Nics̀, Nuria
Format: eBook
Language:Spanish
Published: Madrid : Dykinson, 2011
Subjects:
Online Access:Acceso restringido

MARC

LEADER 00000nam a22000007a 4500
005 20120920182044.0
007 cr|||| ||||
008 120920s2011 sp |||||s|||| 00||0 spa d
020 |a 978-84-15454-93-9 
035 |a 6300 
040 |a vLex 
090 |c 3454  |d 3454 
100 1 |a Castell ̤Nics̀, Nuria 
245 1 3 |a El cambio climt̀ico en Espaą   |h [Recurso electrn̤ico] :  |b anl̀isis tčnico-jurd̕ico y perspectivas /  |c Nuria Castell ̤Nics̀  
256 |a Servicio en ln̕ea 
260 |a Madrid :  |b Dykinson,  |c 2011 
300 |a 1 recurso electrn̤ico 
506 1 |a Contenido solo disponible en los productos indicados  |d vLex Global   |d vLex Global (Academic Edition, excluding Law Schools)   |d vLex Global (U.S. Academic Edition, Law Schools)   |d vLex Global (U.S. Academic Edition, excluding Law Schools)   |d vLex Global (Academic Edition, Law Schools)  
650 0 4 |a Cambios climt̀icos 
650 0 4 |a Jurisprudencia  
740 0 |a vLex Libros (Servicio en ln̕ea) 
856 4 0 |u http://vlex.com/source/cambio-climatico-espa-a-analisis-tecnico-juridico-perspectivas-6300  |z Acceso restringido 
942 |c BOOK 
999 0 |a Climatic changes 
999 0 |a Jurisprudence